[Event "ch-FRA Blitz Online Qual"]
[Site "Europe-Chess INT"]
[Date "2020.05.16"]
[Round "6"]
[White "Kollar, Romain"]
[Black "Guezennec, Franck"]
[Result "0-1"]
[WhiteElo "2205"]
[BlackElo "2272"]
[WhiteFideId "36017981"]
[BlackFideId "633550"]
[EventDate "2020.05.16"]

1. e4 c5 2. Nf3 d6 3. d4 cxd4 4. Nxd4 Nf6 5. Nc3 a6 6. f3 e5 7. Nb3 Be6 8. Be3
Nbd7 9. Qd2 Rc8 10. O-O-O Qc7 11. g4 b5 12. g5 Nh5 13. Kb1 g6 14. Nd5 Bxd5 15.
exd5 Bg7 16. Bh3 O-O 17. Bg4 Nf4 18. Rhe1 Ra8 19. Bxd7 Qxd7 20. Bxf4 exf4 21.
Nd4 Rae8 22. Qxf4 Rxe1 23. Rxe1 Re8 24. Rxe8+ Qxe8 25. a3 Qe1+ 26. Ka2 Be5 27.
Qg4 Qf2 28. c3 Qxh2 29. Qc8+ Kg7 30. Qd7 Bxd4 31. cxd4 Qf4 32. Qc6 h5 33. gxh6+
Kxh6 34. Qxa6 Qxf3 35. Qxd6 Qf1 36. Qc5 Qf6 37. d6 g5 38. Qe5 Qf1 39. Qd5 Qf6
40. d7 Qd8 41. Qd6+ Kg7 42. Qc6 Kf8 43. Qxb5 g4 44. Qf5 g3 45. Qg4 Ke7 46. Qxg3
Qxd7 47. Qe5+ Kf8 48. Qc5+ Kg7 49. Qg5+ Kf8 50. Qe5 f5 51. Qf6+ Ke8 52. Qe5+ Kd8
53. d5 Qf7 54. Qd6+ Ke8 55. Qe5+ Kd8 56. b4 f4 57. Qg5+ Kd7 58. Qg4+ Kd6 59. Qf3
Qxd5+ 60. Qxd5+ Kxd5 61. Kb3 f3 62. b5 f2 63. b6 Kc6 64. b7 Kxb7 65. a4 f1=Q 66.
a5 Ka6 0-1

[Event "ch-FRA Blitz Online Qual"]
[Site "Europe-Chess INT"]
[Date "2020.05.16"]
[Round "6"]
[White "Hamon, Christian"]
[Black "Gatineau, Yovann"]
[Result "0-1"]
[BlackTitle "FM"]
[WhiteElo "2015"]
[BlackElo "2423"]
[WhiteFideId "614327"]
[BlackFideId "26028999"]
[EventDate "2020.05.16"]

1. Nf3 c5 2. g3 Nc6 3. Bg2 e5 4. c4 d6 5. Nc3 g6 6. O-O Bg7 7. d3 Nge7 8. Ne1
Be6 9. Nc2 d5 10. cxd5 Nxd5 11. Ne3 Nxc3 12. bxc3 O-O 13. Rb1 Qd7 14. a4 Rac8
15. Ba3 b6 16. Qc2 f5 17. Nc4 h5 18. h4 f4 19. Kh2 Kh7 20. Be4 Bf5 21. Nd2 Ne7
22. Nf3 Bf6 23. Ng5+ Bxg5 24. hxg5 Nd5 25. c4 fxg3+ 26. Kxg3 Bxe4 27. dxe4 Qg4+
28. Kh2 Nf4 29. Qc3 Qg2# 0-1

[Event "ch-FRA Blitz Online Qual"]
[Site "Europe-Chess INT"]
[Date "2020.05.16"]
[Round "6"]
[White "Djidjeli, Sarah"]
[Black "Delorme, Alban"]
[Result "0-1"]
[BlackTitle "FM"]
[WhiteElo "2074"]
[BlackElo "2322"]
[WhiteFideId "36067474"]
[BlackFideId "623636"]
[EventDate "2020.05.16"]

1. e4 c5 2. Nf3 Nc6 3. Bb5 d6 4. O-O Bd7 5. Re1 Nf6 6. c3 a6 7. Bf1 Bg4 8. h3
Bxf3 9. Qxf3 g6 10. Qd1 Bg7 11. d4 cxd4 12. cxd4 O-O 13. Nc3 b5 14. a3 d5 15. e5
Ne4 16. Nxe4 dxe4 17. Rxe4 Nxe5 18. Bf4 Nc4 19. Bxc4 bxc4 20. Rc1 Rc8 21. Bg5
Qd5 22. Rg4 f5 23. Rf4 Rfe8 24. Rh4 Red8 25. Bxe7 Rd7 26. Bg5 Bxd4 27. Qe2 Be5
28. Re1 Bg7 29. Qe6+ Qxe6 30. Rxe6 Bxb2 31. Rxa6 c3 32. a4 c2 33. a5 Be5 34. Re6
c1=Q+ 35. Bxc1 Rd1# 0-1

[Event "ch-FRA Blitz Online Qual"]
[Site "Europe-Chess INT"]
[Date "2020.05.16"]
[Round "6"]
[White "Barbaras, Mathieu"]
[Black "Burgalat, Eliot"]
[Result "1/2-1/2"]
[WhiteElo "2200"]
[BlackElo "1963"]
[WhiteFideId "20622910"]
[BlackFideId "36068659"]
[EventDate "2020.05.16"]

1. d4 e6 2. Nf3 Nf6 3. c4 d5 4. g3 Be7 5. Bg2 O-O 6. O-O b6 7. cxd5 Nxd5 8. Nc3
Bb7 9. Bd2 Nd7 10. Rc1 N7f6 11. Qb3 Rc8 12. Qa4 a6 13. Nxd5 Nxd5 14. Rfd1 c5 15.
dxc5 Bxc5 16. Bg5 f6 17. Bd2 Qe7 18. Be1 Rfd8 19. a3 b5 20. Qb3 Nb6 21. Ba5
Rxd1+ 22. Qxd1 Nc4 23. Bc3 Rd8 24. Qc2 e5 25. e3 Kh8 26. Nh4 Bxg2 27. Kxg2 Qd7
28. Qf5 Qd5+ 29. e4 Qd7 30. Qh5 Qd3 31. Re1 Qc2 32. Qf5 Ne3+ 33. Rxe3 Bxe3 34.
Be1 Bd2 35. Bxd2 Qxd2 36. Qh5 Kg8 37. Qg4 Qg5 38. Qe2 Rd2 39. Qe1 h5 40. Nf5
Rxb2 41. Qd1 Qd2 42. Qf3 Ra2 43. Qb3+ Kh7 44. Qf3 a5 45. Qxh5+ Kg8 46. Qe8+ Kh7
47. Qh5+ Kg8 48. Qe8+ Kh7 49. Qh5+ 1/2-1/2

[Event "ch-FRA Blitz Online Qual"]
[Site "Europe-Chess INT"]
[Date "2020.05.16"]
[Round "6"]
[White "Hasseine, Madiane"]
[Black "Devallee, Jeremie"]
[Result "0-1"]
[BlackTitle "FM"]
[WhiteElo "2157"]
[BlackElo "2230"]
[WhiteFideId "45180482"]
[BlackFideId "665240"]
[EventDate "2020.05.16"]

1. d4 Nf6 2. Nf3 c5 3. d5 e6 4. c4 exd5 5. cxd5 d6 6. Nc3 g6 7. Bf4 Bg7 8. Qa4+
Bd7 9. Qb3 Qc7 10. e4 Nh5 11. Be3 a6 12. a4 O-O 13. Nd2 f5 14. exf5 Bxf5 15. Be2
Nf6 16. O-O Nbd7 17. Nc4 Rae8 18. Bf4 Ne5 19. Bxe5 dxe5 20. Rad1 Qf7 21. Ne3 Kh8
22. Bc4 e4 23. Qb6 Nd7 24. Qxb7 Rb8 25. Qc7 Rfc8 26. Qf4 Be5 27. Qh6 Rxb2 28. d6
Qg7 29. Qxg7+ Kxg7 30. Ncd5 Bd4 31. Ne7 Rf8 32. N3xf5+ gxf5 33. Be6 Ne5 34.
Nxf5+ Kf6 35. Nxd4 cxd4 36. Bh3 d3 37. Rfe1 Rb4 38. Re3 Rd8 39. d7 Nxd7 40. f3
Nc5 41. fxe4 d2 42. e5+ Ke7 43. Re2 Rbd4 44. Kf2 Nd3+ 45. Ke3 Nb2 46. Rdxd2 Nc4+
47. Kf2 Rxd2 0-1

[Event "ch-FRA Blitz Online Qual"]
[Site "Europe-Chess INT"]
[Date "2020.05.16"]
[Round "6"]
[White "Meillon, Judicael"]
[Black "Mallassagne, Francois-Eric"]
[Result "0-1"]
[WhiteElo "2063"]
[BlackElo "2163"]
[WhiteFideId "36044288"]
[BlackFideId "620025"]
[EventDate "2020.05.16"]

1. d4 Nf6 2. c4 e5 3. dxe5 Ng4 4. Nf3 Nc6 5. Nc3 Bc5 6. e3 Ncxe5 7. Nxe5 Nxe5 8.
Be2 O-O 9. O-O a5 10. b3 d6 11. Bb2 Be6 12. Qd2 f5 13. Rad1 Rc8 14. Nd5 Qh4 15.
g3 Qd8 16. Nf4 Qe7 17. Bxe5 dxe5 18. Nxe6 Qxe6 19. Qd5 Qxd5 20. Rxd5 Bb4 21.
Rxe5 Rcd8 22. Rd5 c6 23. Rxd8 Rxd8 24. Rd1 Rxd1+ 25. Bxd1 Kf7 26. Kg2 b6 27. Kf3
Kf6 28. e4 fxe4+ 29. Kxe4 Bc3 30. f4 h6 31. g4 g5 32. f5 Be5 33. h3 Ba1 34. Bf3
Ke7 35. Kd3 Kd6 36. Ke4 Bf6 37. Bg2 Ba1 38. f6 Bxf6 39. Kf5 Be7 40. Kg6 Bf8 41.
Kf7 Be7 42. Kg7 Kc5 43. Kxh6 Kb4 44. Bxc6 Ka3 45. Kh5 Kxa2 46. Ba4 Ka3 47. h4
gxh4 48. g5 h3 49. g6 h2 50. Bc6 Bf6 51. Kg4 Kxb3 52. Bd5 Kb4 53. Kh3 Kc5 54.
Kxh2 a4 55. Be4 Kxc4 56. Kg3 b5 57. Kf4 b4 58. Ke3 Kc3 59. Ke2 b3 60. Kd1 Kb2
61. Kd2 a3 62. Bd5 a2 63. g7 Bxg7 0-1

[Event "ch-FRA Blitz Online Qual"]
[Site "Europe-Chess INT"]
[Date "2020.05.16"]
[Round "6"]
[White "Capouilliet, Sylvain"]
[Black "Pigeat, Alexandre"]
[Result "0-1"]
[BlackTitle "FM"]
[WhiteElo "1821"]
[BlackElo "2293"]
[WhiteFideId "660337"]
[BlackFideId "20649444"]
[EventDate "2020.05.16"]

1. d4 d5 2. c4 c6 3. Nc3 Nf6 4. Nf3 dxc4 5. a4 Bf5 6. e3 e6 7. Bxc4 Nbd7 8. O-O
Bg6 9. Ne5 Nxe5 10. dxe5 Nd5 11. Nxd5 exd5 12. Bd3 Bc5 13. f4 Qb6 14. f5 Bxe3+
15. Bxe3 Qxe3+ 16. Kh1 Bh5 17. Qxh5 Qxd3 18. e6 O-O 19. Rf3 Qe2 20. f6 fxe6 21.
f7+ Kh8 22. Qh4 Qe4 23. Rf4 Qg6 24. Raf1 e5 25. Rg4 Rxf7 26. Rxf7 Qb1+ 0-1

[Event "ch-FRA Blitz Online Qual"]
[Site "Europe-Chess INT"]
[Date "2020.05.16"]
[Round "6"]
[White "Zachary, Matheo"]
[Black "Schippke, Manon"]
[Result "1-0"]
[WhiteTitle "FM"]
[WhiteElo "2334"]
[BlackElo "1873"]
[WhiteFideId "26024691"]
[BlackFideId "45100446"]
[EventDate "2020.05.16"]

1. e4 c5 2. Nf3 d6 3. c3 Nf6 4. h3 Nc6 5. Bd3 e6 6. O-O Be7 7. Bc2 O-O 8. d4 b6
9. Be3 Bb7 10. Nbd2 Qc7 11. Rc1 Rfd8 12. Re1 Rac8 13. Qe2 h6 14. Bb1 Bf8 15. Bf4
e5 16. Bh2 Qe7 17. d5 Nb8 18. Nf1 Nbd7 19. a4 g6 20. Ne3 Bg7 21. Bd3 Nb8 22. Nd2
Nh5 23. Qf3 Qf6 24. g4 Qxf3 25. Nxf3 Nf6 26. Kg2 Nbd7 27. Nc4 Nf8 28. Nfd2 Ba6
29. b4 cxb4 30. cxb4 Bxc4 31. Bxc4 Rc7 32. Ba6 Rxc1 33. Rxc1 N8d7 34. Rc7 Nb8
35. Rxa7 Nxa6 36. Rxa6 Rb8 37. f3 Ne8 38. b5 Bf8 39. Bg1 Be7 40. Rxb6 Ra8 41.
Ra6 Rb8 42. b6 Bg5 43. Nc4 f5 44. Na5 fxe4 45. fxe4 Rc8 46. b7 Rc2+ 47. Kf1 Rc1+
48. Ke2 Rc2+ 49. Kd3 Rb2 50. Ra8 Kf7 1-0

[Event "ch-FRA Blitz Online Qual"]
[Site "Europe-Chess INT"]
[Date "2020.05.16"]
[Round "6"]
[White "Rebut, Paul"]
[Black "Daeschler, Florian"]
[Result "1/2-1/2"]
[BlackTitle "FM"]
[WhiteElo "1966"]
[BlackElo "2322"]
[WhiteFideId "45111057"]
[BlackFideId "20678193"]
[EventDate "2020.05.16"]

1. d4 d5 2. Bf4 Nf6 3. e3 c5 4. Nd2 Nc6 5. c3 e6 6. Ngf3 Bd6 7. Bg3 O-O 8. Bd3
b6 9. e4 dxe4 10. Nxe4 Nxe4 11. Bxe4 Bb7 12. Qa4 Rc8 13. dxc5 Bxc5 14. Rd1 Qe7
15. O-O a6 16. b4 b5 17. Qc2 Nxb4 18. cxb4 Bxf2+ 19. Qxf2 Bxe4 20. Bd6 Qb7 21.
Bxf8 Rxf8 22. Rfe1 h6 23. Qe3 Bd5 24. a3 Rc8 25. Rc1 Bc4 26. Red1 Qe7 27. Rd2
Qf6 28. Qe5 Qg6 29. Rcd1 Bd5 30. Qg3 Qf6 31. Ne5 Qe7 32. Qd3 Qg5 33. Nf3 Qf4 34.
Qd4 Qd6 35. Qe5 Qb6+ 36. Kh1 Rc4 37. Rd4 Rc3 38. R4d3 Rc4 39. Rc3 Qf2 40. Rxc4
Bxf3 41. Rc8+ Kh7 42. Rg1 Bxg2+ 43. Rxg2 Qf1+ 44. Rg1 Qf3+ 45. Rg2 Qf1+ 46. Rg1
Qf3+ 1/2-1/2

[Event "ch-FRA Blitz Online Qual"]
[Site "Europe-Chess INT"]
[Date "2020.05.16"]
[Round "6"]
[White "Rasolo, Loick"]
[Black "Sahetchian, Armand"]
[Result "0-1"]
[WhiteElo "1951"]
[BlackElo "2117"]
[WhiteFideId "36004049"]
[BlackFideId "607150"]
[EventDate "2020.05.16"]

1. e4 c5 2. Nc3 g6 3. g3 Bg7 4. Bg2 Nc6 5. d3 e6 6. Nge2 Nge7 7. O-O b6 8. f4
O-O 9. Be3 d5 10. exd5 exd5 11. d4 Nf5 12. Bf2 Ncxd4 13. Nxd4 Bxd4 14. Nxd5 Ba6
15. Re1 Bxb2 16. Rb1 Bg7 17. g4 Nd4 18. Ne7+ Kh8 19. c3 Ne6 20. Qxd8 Raxd8 21.
f5 Nf4 22. Nc6 Nxg2 23. Kxg2 Bb7 24. Bh4 Bxc6+ 25. Kg1 Rd2 26. f6 Rg2+ 27. Kf1
Bh6 28. g5 Bxg5 29. Bxg5 Rxg5 30. Re7 Rf5+ 31. Kg1 Rxf6 32. Rxa7 Rd8 33. Ra6 Rd2
34. Raxb6 Rg2+ 35. Kh1 Rb2+ 36. Kg1 Rxb1+ 37. Rxb1 Bd5 38. a4 Ra6 39. Rd1 Bb3
40. Rd7 Kg7 41. Rc7 c4 42. Kf2 Rxa4 43. Ke3 Ra2 44. Kd4 Rxh2 45. Ra7 h5 46. Ra1
Rd2+ 47. Ke4 Rd3 48. Rc1 h4 49. Kf4 h3 50. Kg4 f5+ 51. Kg5 Rg3+ 52. Kh4 Rd3 53.
Kg5 h2 54. Rh1 Rxc3 55. Rxh2 Rg3+ 56. Kf4 Rg4+ 57. Ke5 Re4+ 58. Kd6 c3 59. Rh1
c2 60. Rc1 Rd4+ 61. Kc5 Rd1 0-1

[Event "ch-FRA Blitz Online Qual"]
[Site "Europe-Chess INT"]
[Date "2020.05.16"]
[Round "6"]
[White "Bressy, Theo"]
[Black "Sere, Nicolas"]
[Result "1-0"]
[WhiteTitle "FM"]
[WhiteElo "2289"]
[BlackElo "1753"]
[WhiteFideId "26022842"]
[BlackFideId "36014320"]
[EventDate "2020.05.16"]

1. e4 c5 2. a3 Nc6 3. b4 b6 4. Bb2 Nf6 5. e5 Nd5 6. b5 Nb8 7. Qf3 e6 8. c4 Nc7
9. Nc3 a6 10. a4 Be7 11. Bd3 O-O 12. Nge2 f6 13. Qh5 f5 14. Qf3 d6 15. exd6 Bxd6
16. O-O Ra7 17. Qe3 Bb7 18. Nf4 e5 19. Nfd5 Nxd5 20. cxd5 Bc8 21. bxa6 Bxa6 22.
Nb5 e4 23. Bc4 Bxb5 24. axb5 Rxa1 25. Rxa1 Qc7 26. h3 Nd7 27. d3 Re8 28. Qg5 g6
29. dxe4 Rxe4 30. Ra8+ Nb8 31. Bf1 Bh2+ 32. Kh1 Re1 33. g3 Rxf1+ 34. Kg2 Rb1 35.
Qf6 Rxb2 36. Qxb2 Qb7 37. Qa2 Kf8 38. Kxh2 Ke7 39. Ra7 1-0

[Event "ch-FRA Blitz Online Qual"]
[Site "Europe-Chess INT"]
[Date "2020.05.16"]
[Round "6"]
[White "Alloui-Cros, Baptiste"]
[Black "Ghazaryan, Gurgen"]
[Result "1-0"]
[WhiteElo "2139"]
[BlackElo "1403"]
[WhiteFideId "20699824"]
[BlackFideId "45137609"]
[EventDate "2020.05.16"]

1. d4 Nf6 2. Bf4 e6 3. Nc3 d5 4. e3 c5 5. Nb5 Na6 6. c3 Bd7 7. Nf3 Bxb5 8. Bxb5+
Nd7 9. Ne5 Nb8 10. Qh5 g6 11. Qf3 a6 12. Bg5 Qxg5 13. Qxf7+ Kd8 14. Bxd7 Qe7 15.
Bxe6 Nc6 16. Qxe7+ Kxe7 17. Bxd5 Nxe5 18. dxe5 Rb8 19. f4 Bg7 20. O-O-O b5 21.
Bc6 Rhc8 22. Rd7+ Kf8 23. Bd5 Rd8 24. Rf7+ Ke8 25. Rxg7 Kf8 26. Rg8+ Ke7 27.
Rxd8 Rxd8 28. Rd1 a5 29. e4 c4 30. f5 gxf5 31. exf5 h5 32. Bf3 Rf8 33. g4 hxg4
34. Bxg4 Rg8 35. h3 Rg5 36. Rd6 b4 37. Rc6 b3 38. a4 Kd7 39. Rxc4 Ke7 40. Rc5
Kf7 41. Rxa5 Ke7 42. Rb5 Kd7 43. Rxb3 Kc7 44. Rb5 Kc6 45. b4 Rg8 46. c4 Re8 47.
Rd5 Ra8 48. Rd6+ Kc7 49. a5 Rb8 50. b5 Ra8 51. a6 Ra7 52. b6+ Kb8 53. Rd8# 1-0

[Event "ch-FRA Blitz Online Qual"]
[Site "Europe-Chess INT"]
[Date "2020.05.16"]
[Round "6"]
[White "Laignel, Quentin"]
[Black "Lucas, Arthur"]
[Result "0-1"]
[BlackTitle "FM"]
[WhiteElo "1420"]
[BlackElo "2283"]
[WhiteFideId "45169128"]
[BlackFideId "26093073"]
[EventDate "2020.05.16"]

1. d4 Nf6 2. Bg5 c5 3. Bxf6 exf6 4. d5 d6 5. c4 g6 6. Nc3 Bg7 7. e3 O-O 8. Bd3
Nd7 9. Nge2 Ne5 10. b3 f5 11. Rc1 a6 12. O-O Nxd3 13. Qxd3 Re8 14. Nf4 Bd7 15.
a4 Rb8 16. Rfd1 Qf6 17. h3 h5 18. Nfe2 Qd8 19. Rf1 Re7 20. Nf4 Qe8 21. Rfd1 b5
22. axb5 axb5 23. Nfe2 b4 24. Nb1 Ra8 25. Rd2 Bc8 26. Rcc2 Rea7 27. Rc1 Bd7 28.
Qc2 Ra1 29. Qd1 R8a6 30. Rdc2 Qa8 31. Nd2 Rxc1 32. Rxc1 Ra2 33. Nb1 Rb2 34. Kf1
Qa2 35. Qe1 Qxb3 36. Nd2 Qa3 37. Ra1 Ra2 38. Rb1 Ba4 39. Qc1 Qxc1+ 40. Nxc1 Rxd2 0-1

[Event "ch-FRA Blitz Online Qual"]
[Site "Europe-Chess INT"]
[Date "2020.05.16"]
[Round "6"]
[White "Vaisser, Anatoly"]
[Black "Boumrar, Ayrad"]
[Result "1-0"]
[WhiteTitle "GM"]
[WhiteElo "2504"]
[BlackElo "1431"]
[WhiteFideId "603252"]
[BlackFideId "45182310"]
[EventDate "2020.05.16"]

1. d4 Nf6 2. c4 e6 3. Nc3 d5 4. cxd5 exd5 5. Bg5 Nbd7 6. e3 Be7 7. Bd3 O-O 8.
Nge2 c6 9. Qc2 Re8 10. O-O Nf8 11. f3 h6 12. Bh4 a6 13. e4 Ng6 14. Bxf6 Bxf6 15.
e5 Bg5 16. f4 Be7 17. Bxg6 fxg6 18. Qxg6 Kh8 19. f5 Bg5 20. f6 Rg8 21. f7 Rf8
22. Nf4 Bxf4 23. Rxf4 c5 24. e6 cxd4 25. Rg4 Qf6 26. e7 Bxg4 27. exf8=Q+ Rxf8
28. Qxf6 gxf6 29. Nxd5 Rxf7 30. Nf4 Bf5 31. h3 Rd7 32. Rd1 d3 33. Rd2 Kg7 34.
Kf2 Kf7 35. g4 Bh7 36. Ke3 Re7+ 37. Kf2 Rd7 38. Ke3 Re7+ 39. Kf3 Rd7 40. Nh5 Bg6
41. Ng3 Ke6 42. Kf4 Rd4+ 43. Ke3 Rd7 44. Rf2 Ke5 45. Nf1 f5 46. Nd2 fxg4 47.
hxg4 Re7 48. Rh2 Kd5+ 49. Kf3 Re2 50. Rxe2 dxe2 51. Kxe2 Kd4 52. Nf3+ Kc5 53.
Nh4 Bh7 54. Ke3 Kd5 55. Kf4 Ke6 56. Nf3 Bb1 57. a3 Kf6 58. Nd4 Bh7 59. Nb3 Bg8
60. Nc5 Bd5 61. b4 Bc6 62. Nb3 Bd5 63. Nd4 Bc6 64. Nf5 Kg6 65. Ne7+ Kf6 66. Nxc6
bxc6 67. Ke4 Kg5 68. Kf3 1-0

[Event "ch-FRA Blitz Online Qual"]
[Site "Europe-Chess INT"]
[Date "2020.05.16"]
[Round "6"]
[White "Kurmann, Oliver"]
[Black "Nineuil, Vincent"]
[Result "0-1"]
[WhiteTitle "IM"]
[WhiteElo "2430"]
[BlackElo "1920"]
[WhiteFideId "1308173"]
[BlackFideId "688380"]
[EventDate "2020.05.16"]

1. e4 c5 2. Nf3 d6 3. d4 cxd4 4. Nxd4 Nf6 5. Nc3 a6 6. Be2 e5 7. Nb3 Be6 8. Be3
Be7 9. Nd5 Nxd5 10. exd5 Bf5 11. Qd2 b6 12. c4 Nd7 13. O-O O-O 14. Rac1 a5 15.
Na1 Bg6 16. Nc2 f5 17. f4 Rc8 18. Na3 Nc5 19. Nb5 Ne4 20. Qd1 Be8 21. Qb3 g5 22.
g3 gxf4 23. gxf4 Kh8 24. Kh1 Rg8 25. Rg1 Bxb5 26. Qxb5 exf4 27. Bxf4 Nf2# 0-1

[Event "ch-FRA Blitz Online Qual"]
[Site "Europe-Chess INT"]
[Date "2020.05.16"]
[Round "6"]
[White "Breuil, Tristan"]
[Black "Calistri, Tristan"]
[Result "1-0"]
[BlackTitle "IM"]
[WhiteElo "1898"]
[BlackElo "2288"]
[WhiteFideId "45163685"]
[BlackFideId "607843"]
[EventDate "2020.05.16"]

1. e4 c5 2. Nf3 e6 3. d4 cxd4 4. Nxd4 a6 5. Nc3 Qc7 6. h3 Nf6 7. Bd2 b5 8. a3
Bb7 9. Qe2 d6 10. g4 Nc6 11. Nxc6 Qxc6 12. Bg2 Rc8 13. O-O g6 14. f4 Be7 15. Rf2
Qc7 16. e5 Nd7 17. exd6 Bxd6 18. Bxb7 Qxb7 19. Ne4 Be7 20. f5 gxf5 21. gxf5 e5
22. f6 Bd8 23. Nd6+ 1-0

[Event "ch-FRA Blitz Online Qual"]
[Site "Europe-Chess INT"]
[Date "2020.05.16"]
[Round "6"]
[White "Guadalpi, David"]
[Black "Delin, Valere"]
[Result "1-0"]
[WhiteTitle "FM"]
[WhiteElo "2272"]
[BlackElo "2043"]
[WhiteFideId "603244"]
[BlackFideId "45107254"]
[EventDate "2020.05.16"]

1. e4 c5 2. Nf3 d6 3. Bb5+ Nd7 4. Ba4 a6 5. c4 g6 6. Nc3 Bg7 7. O-O Nf6 8. d3
O-O 9. Rb1 Rb8 10. h3 Qa5 11. a3 Ne8 12. Bd2 Qd8 13. b4 Nc7 14. Nd5 b5 15. Nxc7
Qxc7 16. Bb3 Nb6 17. Qe2 bxc4 18. dxc4 cxb4 19. axb4 Be6 20. Rfc1 h6 21. c5 dxc5
22. bxc5 Bxb3 23. Rxb3 Nd7 24. Rxb8 Nxb8 25. Qc4 a5 26. Bc3 Bxc3 27. Rxc3 Rc8
28. Nd4 Nc6 29. Nb5 Qe5 30. Rc1 Kh7 31. Qxf7+ Kh8 32. Qd5 Qf4 33. Rd1 Nb4 34.
Qd7 Rf8 35. f3 Qe3+ 36. Kh1 Qe2 37. Rg1 Nd3 38. Nd4 Qe3 39. Kh2 Nxc5 40. Qxe7
Rc8 41. Ne6 Nxe6 42. Qxe6 Qf4+ 43. Kh1 Rg8 44. Qd5 a4 45. Qd4+ Kh7 46. Qxa4 h5
47. Qd7+ Rg7 48. Qe6 Qe3 49. Rd1 Qe2 50. Qd5 Kh6 51. Qd2+ Qxd2 52. Rxd2 Kg5 53.
g3 h4 54. Kg2 hxg3 55. Kxg3 Rf7 56. Rd5+ Kh6 57. f4 Re7 58. Kf3 Rb7 59. Rd6 Rb3+
60. Kg4 Rb1 61. f5 Rg1+ 62. Kf4 Rf1+ 63. Ke5 Kh5 64. Rxg6 Rf3 65. Rg8 Rc3 66.
Kd6 Ra3 67. e5 Ra6+ 68. Kd5 Ra5+ 69. Ke6 Ra6+ 70. Kf7 Ra7+ 71. Kf6 Rh7 72. e6
Rh6+ 73. Rg6 Rh7 74. e7 Rh8 75. Kf7 1-0

[Event "ch-FRA Blitz Online Qual"]
[Site "Europe-Chess INT"]
[Date "2020.05.16"]
[Round "6"]
[White "Buttard, Axel"]
[Black "Song, Julien"]
[Result "0-1"]
[BlackTitle "IM"]
[WhiteElo "1883"]
[BlackElo "2306"]
[WhiteFideId "36052523"]
[BlackFideId "659487"]
[EventDate "2020.05.16"]

1. d4 Nf6 2. Bf4 d5 3. e3 c5 4. c3 Nc6 5. Nd2 Bf5 6. Qb3 Qc8 7. Ngf3 c4 8. Qd1
h6 9. Ne5 e6 10. Be2 b5 11. Ndf3 Be7 12. Nxc6 Qxc6 13. Ne5 Qb7 14. O-O O-O 15.
b3 cxb3 16. axb3 Rfc8 17. Qd2 Ne4 18. Qb2 Nxc3 19. Bf3 f6 20. Rfc1 fxe5 21. Bxe5
b4 22. Ra5 Bf6 23. Bd6 Rc6 24. Bc5 Be7 25. Bxe7 Qxe7 26. Rca1 Be4 27. Bg4 Qg5
28. Bh3 Bf5 29. Bxf5 Qxf5 30. Rxa7 Rxa7 31. Rxa7 Ne2+ 32. Kf1 Rc1+ 33. Kxe2 Rc2+
34. Qxc2 Qxc2+ 35. Kf3 Qxb3 36. Rb7 Qc3 0-1

[Event "ch-FRA Blitz Online Qual"]
[Site "Europe-Chess INT"]
[Date "2020.05.16"]
[Round "6"]
[White "Evrin, Selvam"]
[Black "Navrotescu, Andreea-Cristiana"]
[Result "0-1"]
[BlackTitle "WIM"]
[WhiteElo "1882"]
[BlackElo "2284"]
[WhiteFideId "36094404"]
[BlackFideId "675946"]
[EventDate "2020.05.16"]

1. e4 c5 2. Nf3 Nc6 3. d4 cxd4 4. Nxd4 Nf6 5. Nc3 d6 6. Bg5 e6 7. Qd2 a6 8.
O-O-O Bd7 9. Kb1 b5 10. f4 Rb8 11. Bxf6 gxf6 12. f5 h5 13. fxe6 fxe6 14. Nf3 b4
15. Ne2 a5 16. Ned4 Nxd4 17. Qxd4 a4 18. Nh4 Rg8 19. Be2 Rg5 20. Nf3 Ra5 21. Nh4
b3 22. cxb3 axb3 23. a3 Kf7 24. Rhf1 Be7 25. g4 hxg4 26. Bxg4 Qb6 27. Bh5+ Rxh5
28. Qxb6 Rxb6 29. Nf3 Bb5 30. Rg1 Be2 0-1

[Event "ch-FRA Blitz Online Qual"]
[Site "Europe-Chess INT"]
[Date "2020.05.16"]
[Round "6"]
[White "Ludwiczak, Virginie"]
[Black "Bassini, Emile"]
[Result "0-1"]
[WhiteElo "1875"]
[BlackElo "2288"]
[WhiteFideId "20655592"]
[BlackFideId "26084074"]
[EventDate "2020.05.16"]

1. c4 Nf6 2. Nc3 e6 3. g3 d5 4. cxd5 exd5 5. d4 Bd6 6. Bg2 c6 7. Bd2 O-O 8. Nf3
Nbd7 9. O-O Re8 10. Qc2 Nf8 11. Rfe1 g6 12. Bg5 Bf5 13. Qb3 Rb8 14. Nh4 Bd7 15.
e4 dxe4 16. Nxe4 Be7 17. Bxf6 Bxf6 18. Rad1 Be6 19. Nxf6+ Qxf6 20. Qa3 a6 21.
Nf3 Bd5 22. Ne5 Rxe5 23. dxe5 Qe6 24. Bxd5 cxd5 25. Qd6 Rc8 26. Qxd5 Qb6 27. Re2
Ne6 28. Qd6 Qb5 29. Qd3 Qa4 30. Qd7 Qc4 31. Qd3 Qg4 32. Qe4 Qh5 33. Red2 Ng5 34.
Rd8+ Rxd8 35. Rxd8+ Kg7 36. Qg2 Qe2 37. Qf1 Nf3+ 38. Kg2 Ne1+ 39. Kg1 Nf3+ 40.
Kg2 Qe4 41. Kh3 h5 42. Rd3 Ng5# 0-1

[Event "ch-FRA Blitz Online Qual"]
[Site "Europe-Chess INT"]
[Date "2020.05.16"]
[Round "6"]
[White "Doluhanova, Evgeniya"]
[Black "Bellahcene, Rayane"]
[Result "1-0"]
[WhiteTitle "WGM"]
[WhiteElo "2229"]
[BlackElo "2046"]
[WhiteFideId "14112035"]
[BlackFideId "678392"]
[EventDate "2020.05.16"]

1. Nf3 d5 2. b3 Nf6 3. Bb2 e6 4. e3 Be7 5. c4 O-O 6. cxd5 exd5 7. Nc3 c5 8. d4
Nc6 9. Be2 Re8 10. O-O b6 11. Rc1 Bb7 12. dxc5 Bxc5 13. Na4 Be7 14. Bb5 Rc8 15.
Qe2 Nd7 16. Rfd1 Nc5 17. Ne5 Bf6 18. Nxc5 bxc5 19. Nxc6 Bxc6 20. Bxf6 Qxf6 21.
Rxc5 Bxb5 22. Qxb5 Qb2 23. Rxc8 Rxc8 24. Qxd5 h6 25. h4 Rc2 26. Qa8+ Kh7 27.
Qe4+ g6 28. Qf3 Kg7 29. Rd7 Qa1+ 30. Kh2 Qe5+ 31. g3 Qe6 32. Rxa7 h5 33. Kg2 1-0

[Event "ch-FRA Blitz Online Qual"]
[Site "Europe-Chess INT"]
[Date "2020.05.16"]
[Round "6"]
[White "Pucher, Sebastien"]
[Black "Bernard, Louis"]
[Result "1-0"]
[WhiteTitle "FM"]
[WhiteElo "2322"]
[BlackElo "1993"]
[WhiteFideId "627232"]
[BlackFideId "36075191"]
[EventDate "2020.05.16"]

1. b3 g6 2. Bb2 Nf6 3. g3 Bg7 4. Bg2 O-O 5. c4 c6 6. Nf3 d5 7. O-O Bf5 8. d3
Nbd7 9. Nbd2 Re8 10. Nd4 e5 11. Nxf5 gxf5 12. cxd5 cxd5 13. e4 Nc5 14. exd5 Nxd3
15. Nc4 Nxb2 16. Nxb2 e4 17. d6 Re6 18. Nc4 Ne8 19. Rc1 Nxd6 20. Ne3 Qa5 21. Rc2
Rd8 22. Qh5 Rh6 23. Qg5 Rg6 24. Qf4 Be5 25. Qh4 Bf6 26. Qh5 Rg5 27. Qe2 Nb5 28.
Qc4 Nd4 29. Rcc1 Qxa2 30. Ra1 Qxb3 31. Qxb3 Nxb3 32. Rxa7 Nc5 33. Bh3 Bd4 34.
Nxf5 Nd3 35. Nxd4 Rxd4 36. Rxb7 Re5 37. Bg2 Rd8 38. Rc7 Rde8 39. Rc4 f5 40. Rc7
Nc5 41. Rc1 Ne6 42. Ra7 Ng7 43. Rcc7 Ne6 44. Rxh7 Rd5 45. Bf1 Rdd8 46. Kg2 Rd6
47. Bc4 Rc6 48. Bb5 Rd6 49. Bxe8 1-0